<?xml version="1.0" encoding="UTF-8"?>
<record
    xmlns:xsi="http://www.w3.org/2001/XMLSchema-instance"
    xsi:schemaLocation="http://www.loc.gov/MARC21/slim http://www.loc.gov/standards/marcxml/schema/MARC21slim.xsd"
    xmlns="http://www.loc.gov/MARC21/slim">

  <leader>01104nam0a22003371i 4500</leader>
  <controlfield tag="001">RU\NLR\BIBL_A\011305855</controlfield>
  <controlfield tag="005">20260408235803.0</controlfield>
  <datafield tag="010" ind1=" " ind2=" ">
    <subfield code="a">9785852478795</subfield>
  </datafield>
  <datafield tag="021" ind1=" " ind2=" ">
    <subfield code="a">RU</subfield>
    <subfield code="b">2016-96446</subfield>
    <subfield code="9">6397</subfield>
  </datafield>
  <datafield tag="035" ind1=" " ind2=" ">
    <subfield code="a">(NLR Aleph) 011305855</subfield>
  </datafield>
  <datafield tag="090" ind1=" " ind2=" ">
    <subfield code="a">10995714</subfield>
    <subfield code="c">10995714</subfield>
  </datafield>
  <datafield tag="100" ind1=" " ind2=" ">
    <subfield code="a">20170109d2016    u  y0rusy50      ca</subfield>
  </datafield>
  <datafield tag="101" ind1="0" ind2=" ">
    <subfield code="a">rus</subfield>
    <subfield code="a">ara</subfield>
  </datafield>
  <datafield tag="102" ind1=" " ind2=" ">
    <subfield code="a">RU</subfield>
  </datafield>
  <datafield tag="105" ind1=" " ind2=" ">
    <subfield code="a">a   z   000zy</subfield>
  </datafield>
  <datafield tag="200" ind1="1" ind2=" ">
    <subfield code="a">&#x41A;&#x43E;&#x440;&#x430;&#x43D;&#x438;&#x447;&#x435;&#x441;&#x43A;&#x438;&#x435; &#x434;&#x443;'&#x430;</subfield>
    <subfield code="f">&#x417;&#x438;&#x44F;&#x440;&#x43E;&#x432;&#x430; &#x420;.&#x41D;.</subfield>
  </datafield>
  <datafield tag="210" ind1=" " ind2=" ">
    <subfield code="a">&#x41D;&#x430;&#x431;&#x435;&#x440;&#x435;&#x436;&#x43D;&#x44B;&#x435; &#x427;&#x435;&#x43B;&#x43D;&#x44B;</subfield>
    <subfield code="c">&#x410;&#x43B;&#x44C;-&#x41A;&#x430;&#x43B;&#x44F;&#x43C;</subfield>
    <subfield code="d">2016</subfield>
  </datafield>
  <datafield tag="215" ind1=" " ind2=" ">
    <subfield code="a">184 &#x441;.</subfield>
    <subfield code="c">&#x446;&#x432;. &#x438;&#x43B;.</subfield>
    <subfield code="d">30</subfield>
  </datafield>
  <datafield tag="333" ind1=" " ind2=" ">
    <subfield code="a">12+</subfield>
  </datafield>
  <datafield tag="500" ind1=" " ind2=" ">
    <subfield code="a">&#x41A;&#x43E;&#x440;&#x430;&#x43D;</subfield>
    <subfield code="i">&#x421;&#x443;&#x440;&#x430; &#x410;&#x43B;&#x44C;-&#x424;&#x430;&#x442;&#x438;&#x445;&#x430;</subfield>
    <subfield code="3">RU\NLR\AUTH\5510301</subfield>
    <subfield code="9">2632301</subfield>
  </datafield>
  <datafield tag="606" ind1="1" ind2=" ">
    <subfield code="a">&#x411;&#x43E;&#x433;&#x43E;&#x441;&#x43B;&#x43E;&#x432;&#x438;&#x435; &#x43C;&#x443;&#x441;&#x443;&#x43B;&#x44C;&#x43C;&#x430;&#x43D;&#x441;&#x43A;&#x43E;&#x435;</subfield>
    <subfield code="9">1077808</subfield>
    <subfield code="3">RU\NLR\AUTH\66102067</subfield>
  </datafield>
  <datafield tag="686" ind1="2" ind2=" ">
    <subfield code="a">&#x42D;38-4</subfield>
  </datafield>
  <datafield tag="700" ind1=" " ind2="1">
    <subfield code="a">&#x417;&#x438;&#x44F;&#x440;&#x43E;&#x432;&#x430;</subfield>
    <subfield code="b">&#x420;. &#x41D;.</subfield>
    <subfield code="g">&#x420;&#x430;&#x432;&#x438;&#x44F; &#x41D;&#x443;&#x440;&#x433;&#x430;&#x43B;&#x438;&#x435;&#x432;&#x43D;&#x430;</subfield>
  </datafield>
  <datafield tag="852" ind1=" " ind2=" ">
    <subfield code="a">NLR</subfield>
    <subfield code="b">&#x41E;&#x41B;&#x421;&#x410;&#x410;-&#x441;&#x43B;-&#x441;&#x43F;&#x440;</subfield>
    <subfield code="j">5-554</subfield>
  </datafield>
  <datafield tag="942" ind1=" " ind2=" ">
    <subfield code="c">BOOK</subfield>
  </datafield>
  <datafield tag="980" ind1=" " ind2=" ">
    <subfield code="a">NBR</subfield>
  </datafield>
  <datafield tag="980" ind1="1" ind2=" ">
    <subfield code="a">SL_SPR</subfield>
  </datafield>
</record>
